Rennrad Marken Quiz - Statistiken

Allgemein
  • Dieses Quiz wurde 18 mal gespielt
  • Das Durchschnittsergebnis liegt bei 9 aus 22
Antwortstatistiken
Antwort % Korrekt
Canyon
85%
Colnago
77%
Bianchi
69%
Rose
62%
Specialized
62%
BMC
54%
Pinarello
54%
Trek
54%
Cannondale
46%
Cervelo
46%
Cube
46%
Orbea
38%
Stevens
38%
Factor
31%
Giant
31%
Bulls
23%
Merida
23%
Ridley
23%
Scott
23%
Simplon
15%
Wilier
15%
Focus
8%
Keine übereinstimmenden Quizze gefunden
Verteilung der Resultate
Anzahl Personen mit jedem Resultat
Perzentil nach korrekt beantworteten Fragen
Ihre Resultats-Entwicklung
Sie haben dieses Quiz noch nicht gespielt